000 01916cam a2200361 a 4500
001 15759658
003 ARRUPE
005 20150815020024.0
008 090602s2010 enka b 001 0 eng
010 _a 2009022587
015 _aGBA987031
_2bnb
016 7 _a015361980
_2Uk
020 _a9781441191380 (HB)
020 _a1441191380 (HB)
020 _a9781441171597 (pbk.)
020 _a1441171592 (pbk.)
035 _a(OCoLC)ocn317928320
040 _aDLC
_cDLC
_dBTCTA
_dUKM
_dC#P
_dYDXCP
_dBWX
_dDLC
050 0 0 _aBL51
_b.C685 2010
100 1 _aCox, James L.
_q(James Leland)
_92125
245 1 3 _aAn introduction to the phenomenology of religion /
_cJames L. Cox.
260 _aLondon ;
_aNew York :
_bContinuum,
_cc2010.
300 _ax, 185 p. :
_bill. ;
_c24 cm.
500 _a"This book is a thorough revision of my earlier text, Expressing the sacred : an introduction to the phenomenology of religion, published first in 1992 by the University of Zimbabwe Publications in Harare, with a second edition appearing in 1996"--Acknowledgements.
504 _aIncludes bibliographical references (p. [173]-179) and index.
505 0 _aPreface -- Defining religion -- Historical background : philosophical phenomenology and the social sciences -- Stages in the phenomenological method -- The phenomenological method : a case study -- Myths and rituals -- Religious practitioners and art -- Scripture and morality -- The special case of belief -- The place of the phenomenology of religion in the current and future academic study of religion.
650 0 _aReligion
_xPhilosophy.
_92126
650 0 _aPhenomenology.
_92127
700 1 _aCox, James L.
_q(James Leland).
_tExpressing the sacred.
_92128
906 _a7
_bcbc
_corignew
_d1
_eecip
_f20
_gy-gencatlg
942 _2lcc
_cMONOGRAPH
_08
999 _c118250
_d118250